Hardest Quiz In The World - Statistics

General Stats
  • This quiz has been taken 27 times
  • The average score is 1 of 16
Answer Stats
Hint Answer % Correct
Who Created The Idea Of Communism? Karl Marx
91%
Who Was The Richest Person In The World In The Year 1900? Andrew Carnegie
17%
Tallest European Ever (First and Last Name) Franz Winkelmeier
4%
Who Is The Captain Of the Antigua and Barbuda National Cricket Team? Rahkeem Cornwall
4%
What Company Was The First To Reach A Value Of $1 billion dollars? United States Steel Corporation
4%
What Is The Loudest Person In The World In 2024? Annalisa Wray
0%
Who Was The First NASA Astronaut On The ISS? Bill Shepherd
0%
Who Is The Roman God Of The Toilet? Crepitus
0%
Which Singer Sings The Songs U.N.I and Grade 8? Ed Sheeran
0%
Who Scored The First Goal In The First Ever FIFA World Cup Tournament? Lucien Laurent
0%
Which Serial Killer Had The Most Victims? Luis Garavito
0%
Who Is Considered To Be The First Ever Celebrity Chef? Marie-Antoine Car^eme
0%
What Film Was The First To Be Over 2 Hours Long? Quo Vadis
0%
What Is The Rarest Disease In The World? Ribose-5-Phosphate Isomerase (RPI)
0%
Who Was The First Ever Dictator On Record? Titus Larcius
0%
Which Country Had the Highest Population In The Year 834 BC Urartu
0%
No matching quizzes found
Score Distribution
Percent of People with Each Score
Percentile by Number Answered
Your Score History
You have not taken this quiz